El ombúlobo /
Este es un cuento de miedo. Y, como cualquier cuento de miedo, incluye: amigos intrépidos, una noche de luna llena, una carpa, dos bolsas de dormir y aullidos. Porque los monstruos, es un hecho, existen, aunque a veces prefieren esconderse y esperar el momento justo para aparecer
Guardado en:
| Autor Principal: | |
|---|---|
| Otros Autores: | |
| Formato: | Libro |
| Idioma: | Undetermined |
| Publicado: |
Buenos Aires :
Ministerio de Educación de la Nación,
2022.
|
| Series: | La educación nuestra bandera. Historias x leer
|
| Materias: | |
| Etiquetas: |
Agregar Etiqueta
Sin Etiquetas, Sea el primero en etiquetar este registro!
|
| LEADER | 02200nam a22003495a 4500 | ||
|---|---|---|---|
| 001 | CEM.cems020479 | ||
| 008 | 230922s2022####ag############000#0#und#d | ||
| 005 | 20231003111903.0 | ||
| 245 | 1 | 0 | |a El ombúlobo / |c Esteban Valentino ; ilustrado por Juan Chavetta. |
| 260 | |a Buenos Aires : |b Ministerio de Educación de la Nación, |c 2022. | ||
| 300 | |a 32. | ||
| 490 | 1 | |a La educación nuestra bandera. Historias x leer | |
| 500 | |a Plan Nacional de Lecturas. | ||
| 500 | |a Existe versión multimedia. | ||
| 500 | |a Existe versión en lenguas indígenas. | ||
| 500 | |a Esta colección está formada por catorce cuentos de escritoras y escritores de nuestro país ilustrados por importantes artistas. Seis han sido traducidos a cinco lenguas indígenas. A través del código QR vas a encontrar una versión multimedia accesible - con interpretaciones en Lengua de Señas Argentina y en texto plano-, musicalizada por la Orquesta Federal Infantil y Juvenil del programa Nacional de Orquestas y Coros. Además encontrarán actividades de prácticas del lenguaje relacionadas al libro. | ||
| 520 | |a Este es un cuento de miedo. Y, como cualquier cuento de miedo, incluye: amigos intrépidos, una noche de luna llena, una carpa, dos bolsas de dormir y aullidos. Porque los monstruos, es un hecho, existen, aunque a veces prefieren esconderse y esperar el momento justo para aparecer | ||
| 020 | |a 978950016308 | ||
| 100 | 1 | |a Valentino, Esteban. | |
| 700 | 1 | |a Chavetta, Juan; il. | |
| 653 | |a Literatura | ||
| 653 | |a Literatura Argentina | ||
| 653 | |a Cuentos | ||
| 653 | |a Cuentos Infantiles | ||
| 653 | |a Literatura Infantil | ||
| 859 | |a CEMS |b BIB. CEMS - Inicial y Primaria |h A868.4 |i V235-3 |k IP |p 6689 |t Ej.1 | ||
| 859 | |a CEMS |b BIB. CEMS - 11 de abril |h A868.4 |i V235-3 |k CE |p 29700.23 |t Ej.1 | ||
| 859 | |a CEMS |b BIB. CEMS - Inicial y Primaria |h A868.4 |i V235-3 |k IP |p 6690 |t Ej.2 | ||
| 859 | |a CEMS |b BIB. CEMS - Ccias. Educacion |h A868.4 |i V235-3 |k CE |p 29701.23 |t Ej.2 | ||
| 859 | |a CEMS |b BIB. CEMS - Inicial y Primaria |h A868.4 |i V235-3 |k IP |p 6691 |t ej.3 | ||
| 859 | |a CEMS |b BIB. CEMS - 11 de abril |h A868.4 |i V235-3 |k CE |p 29702.23 |t Ej.3 | ||
| 859 | |a CEMS |b BIB. CEMS - Inicial y Primaria |h A868.4 |i V235-3 |k IP |p 6692 |t Ej.4 | ||
